| 000 | 00000nam 2200000zi 4500 |
| 001 | 9.945556 |
| 003 | CaOODSP |
| 005 | 20250324131001 |
| 006 | m o d f |
| 007 | cr mn||||||||| |
| 008 | 241126e197902##onc o f000 0 fre d |
| 040 | |aCaOODSP|bfre|erda|cCaOODSP |
| 043 | |an-cn--- |
| 086 | 1 |aCo22-751/1979F-PDF |
| 245 | 00|aLigne de conduite concernant la délivrance des licences radio relatives aux stations terriennes appartenant au système canadien à satellites. |
| 246 | 14|aLicences de stations terriennes - systèmes à satellites |
| 264 | 1|aOttawa : |bGouvernement du Canada, Ministère des communications = Government of Canada, Department of Communications, |cfévrier 1979. |
| 300 | |a1 ressource en ligne (6, 2 pages) |
| 336 | |atexte|btxt|2rdacontent/fre |
| 337 | |ainformatique|bc|2rdamedia/fre |
| 338 | |aressource en ligne|bcr|2rdacarrier/fre |
| 500 | |aPublié aussi en anglais sous le titre : A radio licensing policy for satellite earth stations operating with the Canadian satellite system. |
| 500 | |a« Document, Ministère des communications » -- Couverture. |
| 500 | |aÉdition numérisée de l'imprimé [par Innovation, sciences et développement économique Canada]. |
| 650 | 6|aStations terriennes (Télécommunications par satellites)|xPolitique gouvernementale|zCanada. |
| 710 | 1 |aCanada. |bMinistère des communications, |eorganisme de publication. |
| 775 | 08|tA radio licensing policy for satellite earth stations operating with the Canadian satellite system.|w(CaOODSP)9.939503 |
| 856 | 40|qPDF|s410 Ko|uhttps://publications.gc.ca/collections/collection_2024/isde-ised/co22/Co22-751-1979-fra.pdf |